| 000 | 00961nam a22002777a 4500 | ||
|---|---|---|---|
| 003 | 0 | ||
| 005 | 20180723175857.0 | ||
| 008 | 0 | ||
| 010 | _aB-161603 | ||
| 020 |
_c00.00 _a8126119993 |
||
| 035 | _aB-161603, B-161604 | ||
| 037 | _bCen Lib/Ret | ||
| 040 |
_aDPL _bEN _c0 |
||
| 082 |
_a350.0002854 _bPAN |
||
| 100 |
_aPani, Niranjan _917240 |
||
| 245 |
_aModern system of governance : _cby Niranjan Pani, Santap S.Mishra [and] Bijaya S.Sahu _bgood governance vs.E-governance / |
||
| 260 |
_aNew Delhi _bAnmol publications _c2004 |
||
| 270 |
_a4374/4B, Ansari Road Darya Ganj _bNew Delhi _e110002 |
||
| 300 |
_a256p. _c21cm(Hb) |
||
| 500 | _aIncludes bibliographical reference and index | ||
| 650 |
_aInternet in public administration _974260 |
||
| 650 |
_aInternet in public administration--Law and legislation _974261 |
||
| 700 |
_aMishra, Santap S. _974262 |
||
| 700 |
_aSahu, Bijaya S. _974263 |
||
| 942 |
_2ddc _cEN _h350.0002854 _mPAN |
||
| 999 |
_c126326 _d126326 |
||